LIBRARY & INFORMATION CENTRE, KCAET, TAVANUR

ONLINE PUBLIC ACCESS CATALOGUE (OPAC)

Elements of agricultural engineering, Vol.1 / (Record no. 80)

MARC details
000 -LEADER
fixed length control field 00560cam a2200241ua 4500
041 ## - LANGUAGE CODE
Language code of text/sound track or separate title eng
082 ## - DEWEY DECIMAL CLASSIFICATION NUMBER
Classification number 631.1
Item number JAG/EL
100 ## - MAIN ENTRY--AUTHOR NAME
Personal name Jagadish, Sahay.
245 ## - TITLE STATEMENT
Title Elements of agricultural engineering, Vol.1 /
250 ## - EDITION STATEMENT
Edition statement 2 /
260 ## - PUBLICATION, DISTRIBUTION, ETC. (IMPRINT)
Place of publication Patna :
Name of publisher Agro boot agency ,
Year of publication 1977.
300 ## - PHYSICAL DESCRIPTION
Number of Pages 404 ; .
942 ## - ADDED ENTRY ELEMENTS (KOHA)
Koha item type Books
003 - CONTROL NUMBER IDENTIFIER
control field @
003 - CONTROL NUMBER IDENTIFIER
control field OSt
Holdings
Withdrawn status Lost status Damaged status Home library Current library Date acquired Full call number Accession Number Koha item type
      KAUAET KAUAET 07/04/2012 630SAH/JAG 15272 Books
      KAUAET KAUAET 07/04/2012 630SAH/JAG 15266 Books
      KAUAET KAUAET 07/04/2012 630SAH/JAG 15269 Books
Withdrawn   Damaged KAUAET KAUAET 10/08/2021 630SAH/JAG 15256 Books
free website counter